Statistics for Biggest cities South of Equator

Click here to take the quiz!

General Stats

  • This quiz has been taken 136 times
    (113 since last reset)
  • The average score is 30 of 42

Answer Stats

PopulationContinentAnswer% Correct
30.6 MAsiaJakarta
100%
13.1 MS. AmericaRio de Janeiro
100%
7.2 MS. AmericaSantiago
100%
16.3 MS. AmericaBuenos aires
99%
22.2 MS. AmericaSão Paulo
98%
5.2 MOceaniaSydney
98%
13.7 MAfricaJohannesburg
96%
9.9 MS. AmericaLima
96%
4.9 MOceaniaMelbourne
96%
12.0 MAfricaKinshasa
93%
6.0 MAfricaNairobi
93%
4.2 MAfricaCape town
92%
2.1 MOceaniaPerth
89%
3.9 MS. AmericaBrasília
88%
3.1 MOceaniaBrisbane
87%
7.9 MAfricaLuanda
87%
6.2 MAfricaDar es-Salaam
84%
2.1 MS. AmericaLa Paz
82%
5.0 MS. AmericaBelo Horizonte
80%
2.7 MS. AmericaQuito
77%
2.9 MAfricaMaputo
76%
3.8 MS. AmericaRecife
76%
2.3 MS. AmericaAsuncion
75%
3.4 MAfricaDurban
75%
2.1 MAfricaHarare
72%
2.6 MAfricaLusaka
72%
2.5 MAfricaAntananarivo
68%
2.2 MS. AmericaManaus
67%
4.1 MS. AmericaPorto Alegre
67%
2.2 MAfricaBrazzaville
64%
3.6 MS. AmericaSalvador
63%
6.0 MAsiaSurabaya
58%
3.6 MS. AmericaFortaleza
57%
6.9 MAsiaBandung
53%
2.2 MS. AmericaBelem
53%
3.1 MS. AmericaGuayaquil
50%
3.4 MS. AmericaCuritiba
46%
2.1 MAfricaLubumbashi
39%
3.2 MS. AmericaCampinas
25%
2.4 MS. AmericaGoiânia
20%
2.0 MAfricaMbuji-Mayi
17%
2.2 MAsiaSemarang
9%

Score Distribution

Percentile by Number Answered

Percent of People with Each Score

Your Score History

You have not taken this quiz since the last reset